00769nam a2200217 a 450000100100000000500170001000800410002702000150006804000250008308200280010824500860013625000110022226000340023330000300026750000580029750000650035565000370042065000270045765000330048470000340051700000759120250219074027.0090909t2006 dr c 000 p spa d z994510005X aDO-SdBNPbspacBNPHU aRD861.4408bS667r, 200600aSobre rieles :bantología de poetas de la provincia La Romana /cIsael Pérez. a3a ed. aSanto Domingo :bBuho,c2006. a270 p. :bretrs ;c22 cm. aIncluye datos biográficos del autor en las solapas. aIncluye síntesis biográficas de los autores antologados. 4aPoesía dominicanaxColecciones 0aLiteratura dominicana. 4aPoetas dominicanosxSiglo xx1 aPérez, Isael,d1961-ecomp.